[Event "ODEM U25A 2011"]
[Site "Oberhof GER"]
[Date "2011.06.18"]
[Round "9"]
[White "Leyrer, Thomas"]
[Black "Tarakanova, Valeria"]
[Result "1/2-1/2"]
[Termination "normal"]
[Board "37"]
[WhiteElo "1609"]
[BlackElo "1740"]
[PlyCount "32"]
[WhiteFideId "12908274"]
[BlackFideId "24179205"]
[EventCountry "GER"]
[EventRounds "9"]
[EventType "swiss"]
[EventDate "2011.06.11"]

1. d4 Nf6 2. c4 c5 3. d5 b5 4. cxb5 a6 5. bxa6 Bxa6 6. Nc3 d6 7. e4 Bxf1 8.
Kxf1 g6 9. Nf3 Bg7 10. Qe2 O-O 11. g3 Nbd7 12. Kg2 Qb6 13. Be3 Rfb8 14. Rhb1
Qa5 15. Nd2 Nb6 16. f3 Nfd7 1/2-1/2

[Event "ODEM U25A 2011"]
[Site "Oberhof GER"]
[Date "2011.06.18"]
[Round "9"]
[White "Brühan, Caren"]
[Black "Wissel, Florian"]
[Result "0-1"]
[Termination "normal"]
[Board "38"]
[WhiteElo "1637"]
[BlackElo "1676"]
[PlyCount "80"]
[WhiteFideId "24691976"]
[EventCountry "GER"]
[EventRounds "9"]
[EventType "swiss"]
[EventDate "2011.06.11"]

1. d4 d5 2. Nf3 Nf6 3. e3 e6 4. c3 Nbd7 5. Bd3 Be7 6. O-O O-O 7. Re1 c5 8. Nbd2
b6 9. e4 dxe4 10. Nxe4 Bb7 11. Bf4 cxd4 12. Nxd4 e5 13. Nxf6+ Bxf6 14. Bxe5
Bxe5 15. Nf3 Bxf3 16. Qxf3 Qf6 17. Qe4 g6 18. Rad1 Rfe8 19. Qg4 Nc5 20. Bb5
Red8 21. h3 Rxd1 22. Rxd1 Rd8 23. Rxd8+ Qxd8 24. Qe2 Qg5 25. Qd1 Ne4 26. Bc6
Qf4 27. Bxe4 Qxe4 28. g3 Qf5 29. Kg2 Qe6 30. Qa4 a5 31. Qe4 Bd6 32. Qd4 Bc5 33.
Qa4 Qe2 34. Qf4 Qxb2 35. Qb8+ Bf8 36. c4 Qxa2 37. Qxb6 a4 38. c5 Qd5+ 39. Kf1
Qxc5 40. Qa6 a3 0-1

[Event "ODEM U25A 2011"]
[Site "Oberhof GER"]
[Date "2011.06.18"]
[Round "9"]
[White "Dietrich, Franz"]
[Black "Mehling, Franziska"]
[Result "1/2-1/2"]
[Termination "normal"]
[Board "39"]
[WhiteElo "1509"]
[BlackElo "1542"]
[PlyCount "49"]
[WhiteFideId "1270312"]
[BlackFideId "12900133"]
[EventCountry "GER"]
[EventRounds "9"]
[EventType "swiss"]
[EventDate "2011.06.11"]

1. d4 Nf6 2. c4 e6 3. Nf3 b6 4. e3 Bb7 5. Bd3 d5 6. b3 Nbd7 7. Bb2 c5 8. O-O
Bd6 9. Ne5 Ne4 10. f3 Nef6 11. Nd2 Qc7 12. f4 h6 13. Rc1 Rc8 14. Qe2 Ne4 15.
Nxe4 dxe4 16. Bb1 Nf6 17. Rcd1 Rd8 18. g4 h5 19. g5 Ng8 20. dxc5 Bxc5 21. Rxd8+
Qxd8 22. Kf2 Ne7 23. Rd1 Qb8 24. Kg2 Nf5 25. Bd4 1/2-1/2